| 000 | 01205nas a2200301 4500 | ||
|---|---|---|---|
| 001 | BR2015003540 | ||
| 003 | BR-BrBNA | ||
| 005 | 20231205125428.0 | ||
| 007 | ta | ||
| 008 | 230509b bl.|||p| |||| 00| 00por d | ||
| 040 |
_aBR-BrBNA _bpor _cBiblioteca Nacional de Agricultura |
||
| 041 | _a(Pt) | ||
| 072 | _aF01; F30; F63 | ||
| 100 | 1 | _aDeus, D.A. de | |
| 100 | 1 | _aAbreu, H. dos .S. | |
| 100 | 1 | _aPorto, B.H.C. | |
| 100 | 1 | _aDuarte, M.S. | |
| 100 | 1 | _aSouza, K.C.A. de | |
| 111 | 1 |
_a16° Congresso Brasileiro de Floricultura e Plantas Ornamentais; 3° Congresso Brasileiro de Cultura de Tecidos de Plantas; 1° Simpósio de Plantas Ornamentais Nativas _cGoiânia, GO (Brazil) _d10-15 Sep 2007 |
|
| 245 | 1 | _aAnálise da produção de calos em Eucalyptus grandis W. Hill ex. Maiden em diferentes concentrações de reguladores de crescimento | |
| 650 | _aEUCALIPTO | ||
| 650 | _aMELHORAMENTO GENÉTICO VEGETAL | ||
| 650 | _aMICROPROPAGAÇÃO | ||
| 650 | _aANÁLISE QUANTITATIVA | ||
| 773 | 0 |
_tRevista Brasileira de Horticultura Ornamental (Brazil) _xISSN 1809-6093 _g(Sep 2007), v. 13(Suplemento) p. 85-87 _wBR2015003540 |
|
| 909 |
_a202311 _bLúcia _c55 _dLúcia Elande |
||
| 942 |
_2AGRIS _n0 _cANA |
||
| 999 |
_c244322 _d244322 |
||